Wer war's? 90er Musik Quiz #1 - Statistiken

Allgemein
  • Dieses Quiz wurde 375 mal gespielt
  • Das Durchschnittsergebnis liegt bei 10 aus 16
Antwortstatistiken
Hint Antwort % Korrekt
...Baby One More Time Britney Spears
90%
Wannabe Spice Girls
87%
My Heart Will Go On Céline Dion
86%
Everybody Backstreet Boys
81%
Californiacation Red Hot Chilli Peppers
78%
Black or White Michael Jackson
77%
Losing my Relegion R.E.M.
73%
Egoist Falco
70%
Herz an Herz Blümchen
67%
Cotton Eye Joe Rednex
62%
Song 2 Blur
57%
Miami Will Smith
49%
Strong Enough Cher
34%
Be My Lover La Bouche
34%
What's My Age Again blink-182
31%
Show Me Love Robin S
9%
Keine übereinstimmenden Quizze gefunden
Verteilung der Resultate
Anzahl Personen mit jedem Resultat
Perzentil nach korrekt beantworteten Fragen
Ihre Resultats-Entwicklung
Sie haben dieses Quiz noch nicht gespielt